| 000 | 00624nam a2200205 a 4500 | ||
|---|---|---|---|
| 999 |
_c443 _d443 |
||
| 001 | 443 | ||
| 003 | CDMR | ||
| 005 | 20240102112802.0 | ||
| 008 | 130130s1990||||||||||||||||||||||||||||d | ||
| 020 | _a8470281690 | ||
| 040 |
_aCDMR _bcat _cCDMR |
||
| 100 | 1 |
_aCalvo Hernando, Manuel _9316 |
|
| 245 | 1 | 0 |
_aCiencia y periodismo _c/ Manuel Calvo Hernando |
| 260 |
_aBarcelona : _bCEFI Centro de Estudios para el Fomento de la Investigación, _c1990 |
||
| 300 |
_a167 p. _c; 22 cm |
||
| 650 | 0 | 4 |
_92804 _aPeriodisme científic |
| 650 | 0 | 4 |
_93668 _aComunicació i ciència |
| 650 | 0 | 4 |
_94259 _aDivulgació científica |
| 942 |
_cMON _2udc |
||